00445nam a2200145Ia 4500020001800000082001600018100001900034245004700053260004300100300000800143504005800151650003300209650002700242650003000269 a0-393-32702-7 a951.9 CUM-K aCumings, Bruce 0aKorea's place in the sun: a modern history aNew YorkbW. W. Norton & Companyc2005 a542 aUpdated edition, bibliographical references and index aKoreavHistoryz20th Century aKorea (South)vHistory aKoreavHistoryz1860-1910